[Event "Prague Masters 2nd"]
[Site "Prague"]
[Date "2020.02.21"]
[Round "9"]
[White "Duda, Jan Krzysztof"]
[Black "Vidit, Santosh Gujrathi"]
[Result "1-0"]
[WhiteElo "2755"]
[BlackElo "2721"]
[Annotator "Duda,Jan Krzysztof"]
[PlyCount "67"]
[EventDate "2020.02.12"]
[EventType "tourn"]
[EventRounds "9"]
[EventCountry "CZE"]
[EventCategory "19"]
[SourceTitle "CBM 195"]
[Source "ChessBase"]
[SourceDate "2020.04.30"]
[SourceVersion "1"]
[SourceVersionDate "2020.04.30"]
[SourceQuality "1"]

{This game was played under very specific circumstances. It was the last round
of the tournament, played one hour earlier than usual. My opponent had a great
tournament scoring +3 and it seemed to everyone that he was clearly going to
win the competition. However, in the 8th round something apocalyptic happened
to him, because he lost a-not-possible-to-lose game against David Navara.
Vidit was clearly winning before the time control, and later he had an endgame
with a plus pawn which was drawn. Not being able to settle for a draw, he
overpushed and lost. I on the other hand had a mediocre tournament, winning in
the 1st round a cool game against David Navara, but losing in round 7 a
traumatic game to Alireza Firouzja, where after 15 moves I was basically
busted with White. I was happy though to play with White against Vidit in the
last round, because I have never had a chance to play an official game against
him (with White). Considering our history, and more importantly his game
against David, it felt as if I was going to win an easy game. Obviously such
thinking is hardly dangerous, and I had to keep my composure, not letting my
emotions take over} 1. d4 Nf6 2. c4 e6 3. Nf3 d5 ({Here is the aforementioned
apocalypse of Vidit:} 3... b6 4. a3 Bb7 5. Bf4 d5 6. cxd5 Nxd5 7. Bg3 Nd7 8. e4
N5f6 9. e5 Nh5 10. Nc3 Be7 11. Bc4 a6 12. d5 exd5 13. Bxd5 Nxg3 14. hxg3 c6 15.
Bxf7+ Kxf7 16. e6+ Kxe6 17. Qe2+ Kf7 18. O-O-O Bf6 19. Ne4 Qe7 20. Nd6+ Kf8 21.
Qxe7+ Bxe7 22. Nxb7 Nf6 23. Ne5 Nd5 24. Kb1 Rc8 25. Rhe1 Bxa3 26. Nxc6 Bb4 27.
Nxb4 Nxb4 28. Rd7 h5 29. Nd6 Ra8 30. Ree7 Rh7 31. Ne4 Rh6 32. Rxg7 Rd8 33. b3
Rxd7 34. Rxd7 a5 35. f3 Rc6 36. Rd2 Kf7 37. Kb2 Ke6 38. Nc3 Rd6 39. Re2+ Kf5
40. Ne4 Rd1 41. Nc3 Rd3 42. Nb1 Nd5 43. Kc2 Nb4+ 44. Kb2 Nd5 45. Na3 Ne3 46.
Nc4 Nxc4+ 47. bxc4 a4 48. Kc2 Rb3 49. Rd2 Rb4 50. Kc3 Rb3+ 51. Kc2 Rb4 52. Kc3
Rb3+ 53. Kd4 a3 54. Ra2 Ke6 55. c5 b5 56. g4 hxg4 57. fxg4 b4 58. g5 Rb2 59.
Ra1 a2 60. g6 b3 61. c6 Rc2 62. Rf1 b2 63. g7 Rxg2 64. c7 Kd7 {0-1 (64) Vidit,
S (2721)-Navara,D (2717) Prague CZE 2020}) 4. Nc3 Bb4 {He is a very keen
Ragozin player, sometimes only varying with the Grunfeld Defence.} 5. Qa4+ Nc6
6. e3 O-O 7. Qc2 Re8 8. Bd2 a6 {The setup with a6-Bd6 is a flagship of Vidit.
My preparation for this game was frankly quite limited, but obviously I knew
my stuff in other lines too.} (8... Bd6 9. h3 (9. c5 $1 {is strong for White
here and secures a long term edge.}) 9... a6 10. a3 Bd7 11. Be2 dxc4 12. Bxc4
h6 13. g4 e5 14. g5 $1 $40 {was a nice assault in Radjabov,T (2757)-Vidit,S 
(2695) Wijk aan Zee 2019, 1-0 (36).}) 9. a3 Bd6 10. O-O-O $5 {This is the
prepared idea. It's clearly risky, but as said I was having a bigger blunder
margin than normally.} (10. h3 {and}) (10. Rd1 {are more common moves}) 10...
Bd7 {This looks the most logical, but Black has playable alternatives too:} (
10... dxc4 11. e4 (11. Bxc4 b5 12. Bd3 Bb7 $13 (12... b4)) 11... e5 12. dxe5
Nxe5 13. Nxe5 Bxe5 14. Bg5 Bd4 (14... Bd7 15. Bxc4 Qc8) 15. Nd5 $6 (15. Bxc4 c5
16. Nd5 {would be the correct move order.}) 15... c5 $6 (15... c6 $1 16. Rxd4 (
16. Nxf6+ gxf6 17. Be3 Bxe3+ 18. fxe3 Qb6 $17) (16. Bxf6 Bxf6 17. Nxf6+ Qxf6
18. Bxc4 b5 19. Ba2 c5 $132) 16... cxd5 17. Rxd5 Qb6 {with a messy position
where Black is fine.}) 16. Bxc4 Be6 $13 {with sharp play as seen in Aizpurua,P
(2348)-Cruz,C (2567) Guatemala City GUA 2020, 0-1 (41).}) (10... b5 $6 11. cxd5
exd5 12. Nxd5 Nxd5 13. Qxc6 {It is debatable if Black has enough compensation
for the pawn.}) (10... Rb8) 11. c5 (11. e4 {is another possibility, but I
didn't go for it because it's more forcing. After} dxe4 12. Nxe4 Nxe4 13. Qxe4
e5 14. Ng5 g6 15. c5 (15. Qh4 h5 16. c5 Be7 {is the same.}) 15... Be7 16. Qh4
h5 17. Bc4 {Black has many playable moves, probably the most entertaining being
} Nxd4 18. Qg3 (18. Nxf7 $2 {is bad:} Bxh4 19. Nxd8+ Kh7 20. Nxb7 $6 Bc6 21.
Na5 Bxg2 $17 {and Black is close to winning.}) 18... Bf5 19. Nxf7 Qd5 $1 20.
Qc3 Qxc5 {and it's all equal according to the engine.}) {Now we get more or
less a forced sequence.} 11... Bf8 12. e4 dxe4 13. Nxe4 Nxe4 14. Qxe4 Ne7 15.
Bd3 g6 16. Ne5 Bc6 $6 (16... Ba4 {was the only move I had analysed. The
variation goes} 17. Qf3 Nf5 18. g4 Bxd1 {and I would have to decide between}
19. Kxd1 ({or} 19. Rxd1 Nh6 {playing for compensation.}) 19... Qxd4 20. Bc3 Qd5
21. gxf5 Qxf3+ 22. Nxf3 exf5 {with an unclear endgame.}) ({But it seems Black
can also play slowly:} 16... Bg7 17. Qf4 Rf8) ({or} 16... Nc6) 17. Qf4 Nf5 18.
g4 $1 {This is very important. Black is not only forced to withdraw his
beautiful knight but also, no less importantly, to exchange his bishop, the
main defender of the black monarch.} Bh6 (18... Qxd4 19. gxf5 Qxf4 20. Bxf4
Bxh1 21. fxg6 hxg6 22. Rxh1 $16 {Two pieces are clearly stronger than a rook
here.}) 19. Nxc6 bxc6 20. Qe4 Bxd2+ 21. Rxd2 Ne7 22. Bc4 Nd5 23. h4 $16 Qf6 {
I considered my position to be better, but now spent a lot of time choosing
between many promising possibilities.} 24. h5 (24. Rh3) (24. Kb1) ({and} 24. f4
{are the other moves I gave a thought.}) 24... e5 ({I was the most afraid of
this move, but saw that at the very least I had 25.Qe5 with the better endgame
} 24... Qg5 25. hxg6 (25. Qe5 $5 Qxe5 26. dxe5 {I wasn't sure that Black
couldn't create any sort of fortress, but obviously this endgame is hardly
depressing to play with Black.} a5 27. h6 (27. b3 $5 {not allowing a4.}) 27...
a4 28. Rc2 Ra5 29. Bd3 Kf8 (29... f6)) 25... fxg6 {is better, but now Black
has created a huge weakness on e6 for himself.} (25... hxg6 26. f4 $1 {I
didn't calculate well enough here.} Qxg4 (26... Nxf4 27. Rdh2 Kf8 28. Kb1 Nd5
29. Qf3 $18) 27. Qe5 f6 28. Qe1 Qxf4 29. Rh4 Qg5 30. Qh1 f5 31. Qh2 $40 {
and apparently White's attack is very strong here.}) 26. f3 Re7 27. Qd3 {
is the idea, to unpin the rook with Kb1.}) (24... g5 25. h6 Qf4 26. Bd3 {
White again has various alternatives.} Qxe4 27. Bxe4 $16 {and White has
additional target on h7 as well.}) (24... a5 25. hxg6 fxg6 26. f4 $40) 25. Kb1
({For some reason this is considered better by the engine:} 25. Re2 Qg5+ 26.
Kb1 exd4 27. Qxd4 Rxe2 28. Bxe2 Qf6 29. Rd1 $16) 25... Rad8 $2 {It's rather
surprising, but actually this is the losing mistake. Black had other resources
which obviously would keep him in the game, but his position would be worse in
any case.} (25... Rab8) (25... Kg7) (25... exd4 26. Qxd4 Qf3 (26... Rad8 27.
Rhd1)) (25... Qf4 26. Qxf4 (26. Re2 $5 exd4 27. Qxf4 Nxf4 28. Rxe8+ Rxe8 29.
Bxa6 $16) 26... exf4 27. Re2) 26. Re2 $1 $18 {Now Black is stuck, and he can't
avoid material losses.} Nf4 (26... exd4 27. Qxe8+ Rxe8 28. Rxe8+ Kg7 29. h6# $1
{is the key, making all the difference!}) 27. Re3 (27. Ree1 {is also good.
There is no avoiding dxe5.}) 27... Nd5 28. hxg6 hxg6 (28... Qxg6 29. Qxg6+ hxg6
30. Rxe5 $18) 29. Reh3 $18 {This nice rook switch is the nail in his coffin.
Basically the game is over by this stage, although I still managed to make a
mistake in the process.} Kf8 30. Bxa6 $5 {Not the most precise, but he was in
severe time trouble, and usually such slow moves are very difficult to meet.
Besides a pawn is a pawn :)} Qxf2 31. Rf3 $6 {I had a 50/50 choice and missed.}
(31. Rf1 $1 {wins on the spot. The difference is that now there is no Rb8!}
Qxd4 32. Qxg6 Qd1+ {Extra trick.} 33. Ka2 Qxf1 (33... Nb4+ 34. axb4 Qa4+ 35.
Ra3 $18) 34. Qh6+ Ke7 35. Bxf1 $18 {I had seen that far, but thought Rf3 to be
simpler.}) 31... Qxd4 (31... Rb8 $1 {would have been a huge surprise, even
though I don't think I would hash it up. After the pretty natural variation}
32. Rxf2 Nc3+ 33. Kc2 Nxe4 34. Re2 $1 {is the only winning move, with the idea
that} exd4 {meets} 35. Rxe4 $1) 32. Qxg6 Nf4 (32... Nc3+ 33. bxc3 Rb8+ 34. Ka1
$18) 33. Qf6 Qe4+ 34. Bd3 {and checkmate is unavoidable. This win put me on +1
score, and this was enough to share the 1st place.} 1-0

[Event "Match/Nation URS-YUG  31-9"]
[Site "Tallinn"]
[Date "1977.11.12"]
[Round "1.4"]
[White "Simic, Radoslav"]
[Black "Dvoretzky, Mark"]
[Result "0-1"]
[WhiteElo "2375"]
[BlackElo "2525"]
[Annotator "Dvoretzky,M"]
[PlyCount "82"]
[EventDate "1977.11.12"]
[EventType "team-match"]
[EventRounds "4"]
[EventCountry "URS"]
[SourceTitle "EXT 2018"]
[Source "ChessBase"]
[SourceDate "2017.10.13"]
[SourceVersion "1"]
[SourceVersionDate "2017.10.13"]
[SourceQuality "1"]
[WhiteTeam "Yugoslavia"]
[BlackTeam "URSS"]
[WhiteTeamCountry "YUG"]
[BlackTeamCountry "URS"]

1. d4 Nf6 2. Nf3 e6 3. c4 d5 4. Nc3 Bb4 5. Bg5 h6 6. Bxf6 Qxf6 7. cxd5 exd5 8.
Qb3 c5 9. a3 Bxc3+ 10. Qxc3 Nd7 11. Qe3+ $146 (11. Rc1 c4 12. Qe3+ Qe7 13.
Qxe7+ Kxe7 14. g3 b5 15. Bg2 Nb6 16. O-O Bb7 17. Rfe1 Rhd8 18. Nd2 Kf8 19. e3
Rac8 20. b3 Rc7 21. Rb1 c3 22. Nf3 c2 23. Rbc1 Rc3 24. Bf1 Rdc8 25. Re2 Rxb3
26. Rexc2 Rxc2 27. Rxc2 Nc4 28. a4 bxa4 29. Nd2 Nxd2 30. Rxd2 a3 31. Kg2 a5 32.
Ra2 Bc8 33. Ra1 Bf5 34. Be2 Ke7 35. g4 Bc2 36. Kg3 g5 37. h4 a4 38. hxg5 hxg5
39. Bf3 Kd6 40. Be2 Bb1 {Stahlberg,G-Szabo,L Budapest 1952 0-1}) 11... Qe7 12.
Qxe7+ Kxe7 13. dxc5 Nxc5 14. Rc1 Kd6 15. e3 Bd7 16. b4 Ne4 17. Bd3 Rhc8 18. Ke2
a5 19. Rxc8 Rxc8 20. Bxe4 dxe4 21. Rd1+ Ke7 22. Nd4 axb4 23. axb4 Ra8 24. f3
Ra4 $1 {Black would like to exchange R, in order to direct his K towards the
centre, but an immediate exchange of R would not promise much, firts it's
necessary to lure the white b P forward (Secret of chess tactics)} 25. b5 (25.
fxe4 Bg4+) 25... Ra2+ 26. Rd2 exf3+ 27. gxf3 Rxd2+ 28. Kxd2 Kd6 29. b6 Kc5 30.
Kc3 Kxb6 31. e4 g5 32. Kb4 Be6 33. Ne2 Kc6 34. f4 Kd6 35. fxg5 hxg5 36. Kc3 Ke5
37. Kd3 Bd7 38. Nd4 Kf4 39. Nb3 Kf3 40. Nc5 Bc8 41. e5 g4 0-1

[Event "EU-ch 12th"]
[Site "Aix les Bains"]
[Date "2011.04.02"]
[Round "11"]
[White "Edouard, Romain"]
[Black "Aleksandrov, Aleksej"]
[Result "1-0"]
[WhiteElo "2600"]
[BlackElo "2638"]
[Annotator "Edouard,R"]
[PlyCount "123"]
[EventDate "2011.03.22"]
[EventType "swiss"]
[EventRounds "11"]
[EventCountry "FRA"]
[SourceTitle "CBM 142 Extra"]
[Source "ChessBase"]
[SourceDate "2011.06.27"]
[SourceVersion "1"]
[SourceVersionDate "2011.06.27"]
[SourceQuality "1"]

1. d4 Nf6 2. c4 e6 3. Nf3 d5 4. Nc3 Bb4 5. cxd5 exd5 6. Bg5 h6 7. Bh4 c5 8. e3
c4 9. Be2 $5 {An interesting idea. Instead of playing more "passively" with 9.
Nd2, I intend to base my plan on ideas with Ne5 once Black has been weakened
with ...g5 and once I have have begun the assault of the c3 pawn (...Bxc3, ...
Ne4, ...Qa5).} Bf5 10. O-O g5 11. Bg3 Bxc3 12. bxc3 Ne4 13. Rc1 Nd7 $5 {
A very interesting try. My opponent had already played the rather dubious 13...
Qa5, but I did not know that!} (13... Qa5 14. Ne5 $1 {was played in
Moiseenko-Aleksandrov (2001), which was won by White. Here} Nxc3 $2 {would be
wrong:} 15. Rxc3 $1 Qxc3 16. Bh5 O-O 17. Qf3 Qc2 18. Bxf7+ $1 Kg7 (18... Rxf7
$2 19. Qxd5 Bg6 20. Nxf7 Bxf7 21. Qxb7 $18) 19. Qxd5 $18) 14. Nd2 Nxg3 15. fxg3
$1 {A typical idea: I weaken my pawn structure, but get strong activity on the
f-file. The idea will be to play e4 (so as not to be left with a blot on e3)
and possibly to reach the f5-square. As a general rule, if the thrust e4 is
never possible, fxg3 should never happen, unless there's good cause!} Bh7 $1 {
Played "а tempo" by my opponent.} (15... Bg6 $6 16. Bh5 $1 O-O (16... Bxh5 17.
Qxh5 Qe7 18. Rce1 $5 Nf6 19. Qf3 Ne4 20. Nxe4 dxe4 21. Qh5 {just wins.}) 17.
Bxg6 fxg6 18. Qc2 {followed by e4. White is clearly better.}) 16. e4 $6 {
That tempting move seems to let slip the advantage.} ({The other tempting move
} 16. Bh5 {also doens't work:} O-O 17. Qf3 Bd3 18. Qxd5 Bxf1 19. Rxf1 Qe7 20.
Nxc4 Nb6 {with unclear position.}) (16. Bg4 $1 {was best, in order to put a
piece on f5. Afterwards it will be too late, as ...0-0 will make ...f5
possible.} O-O (16... Bd3 17. Rf2 Qe7 18. Qf3 O-O 19. Bf5 $16) 17. Bf5 {
followed by Qf3 and e4 sooner or later. White is better, and will recycle his
knight to f5 at some point.}) 16... O-O 17. exd5 (17. Bf3 b5 $1 18. e5 (18. a4
a6 {doesn't change much.}) (18. exd5 {goes back into the game.}) 18... Nb6 19.
Bh5 f6 20. Qg4 (20. e6 Qe7 21. Bf7+ Kg7 {and I strongly doubt White's
attacking chances.}) 20... Qe7 21. Rce1 f5 {and Black will push his queenside
pawns and seems very fine to me.}) 17... b5 18. Bf3 Rb8 $6 (18... Nf6 {was
much more precise.}) 19. g4 $6 (19. a4 a6 20. Be4 f5 21. Bb1 Nb6 22. axb5 axb5
23. Qe2 $1 Qxd5 24. Nf3 {was my best try, though I'm not sure White is better
at all.}) 19... Nf6 20. Re1 Nxd5 {Here I realised that I couldn't fight for
any advantage anymore.} 21. Bxd5 (21. Be4 $6 Nf4 {is fine for Black.}) 21...
Qxd5 22. Qf3 Qxf3 (22... Qd7 $5 23. a4 b4 (23... a6 $6 24. Qf6) 24. Nxc4 Qxa4 (
24... b3 $5 25. Nb2 Rbe8 {with sufficient compensations for equality.}) 25.
cxb4 Rxb4 $11) 23. gxf3 f5 24. gxf5 Bxf5 25. Ne4 Rb6 (25... Bxe4 $5 26. fxe4
Rf4 {was just kind of a draw. But with 6.5/10, a draw wouldn't help anybody.})
26. Nc5 Rf7 27. Re8+ Kg7 28. a3 Bh3 29. Re3 Rg6 (29... Rbf6 30. f4 Bc8 $11) 30.
Rce1 $1 h5 (30... g4 $2 31. f4 $1 {and Black's bishop is bad on h3.}) 31. Re7
Rgf6 32. Rxf7+ Rxf7 33. Kf2 {The position is still kind of OK for Black, but
the situation starts to turn!} h4 $2 (33... g4 34. Ne6+ $1 (34. Re3 Rf6 $11)
34... Kg6 35. f4 $16 {and White is better.}) ({Something passive like} 33...
Bg4 $5 34. Re3 Bf5 {would have been best. But I think my opponent wasn't
expecting any danger at that time.}) 34. Re5 $1 Kg6 (34... Bf5 35. d5 $16) (
34... g4 35. Ne6+ Kg6 36. Ng5 Rf6 37. Ke3 a6 38. d5 {with an almost winning
position for White.}) 35. Ne4 $1 Rf5 (35... g4 36. Ng5 {check 34...g4}) 36.
Re6+ Kf7 37. Ra6 Kf8 {Here I did realise my position was totally winning, but
I had to play 3 more moves under huge time pressure!} 38. Ke3 {My first idea
was to reach some sort of endgame thanks to Rf6+, now that my king advanced a
little bit. But I suddenly realised all endgames were probably drawn.} (38.
Rxa7 {was much simpler:} g4 39. Nd2 gxf3 40. Rh7 Rf4 41. Ke3 $18) 38... g4 (
38... Bg2 39. Nd2 $1 (39. Rf6+ $6 Rxf6 40. Nxf6 Kf7 41. Ne4 Kg6 42. Nd6 a6 43.
Ne8 a5 $5 {or 43...Bh3 and I'm not sure at all if White is winning or not!})
39... Rf7 40. Ra5 Rb7 41. Kf2 Bh3 42. Ne4 g4 43. Ng5 $16) 39. f4 $1 (39. fxg4
Bxg4 40. Rf6+ $2 Ke7 $1 $11 {Oops!}) 39... Bg2 40. Rh6 $1 {Nice blow,
especially for a 40th move...} Rf7 $6 (40... h3 41. Nf2 g3 (41... Bf3 42. Nxh3
$18) 42. hxg3 Kg7 43. Ng4 (43. Rh4 Rf6 {is less simple.}) 43... Rf7 44. Rh5 $18
{[%cal Ye3f2,Yg4e3]}) 41. Rh8+ $1 Kg7 (41... Ke7 42. Rxh4 Bxe4 43. Kxe4 Rg7 44.
d5 g3 45. hxg3 Rxg3 46. Kd4 a6 (46... Rd3+ 47. Kc5 $18) 47. Rh7+ Kd6 48. Rh6+
$18) 42. Rxh4 Bf3 43. Rh5 a6 44. Nf2 (44. Nc5 $18) (44. Re5 $18) 44... Kf6 (
44... Kf8 $8 45. Ne4 $18 (45. f5 $5)) 45. h3 Rg7 (45... Re7+ 46. Re5 $18) (
45... g3 46. Kxf3 (46. Ng4+ $5) 46... gxf2 47. Kxf2 $18) 46. hxg4 Bxg4 47. Rg5
$1 Bd7 (47... Rxg5 48. fxg5+ Kxg5 49. Nxg4 Kxg4 50. Ke4 $18) 48. Ne4+ Kf7 49.
Rxg7+ Kxg7 50. Nc5 Bc8 51. d5 Kf6 52. d6 Bg4 53. Nxa6 Ke6 54. Nc7+ Kxd6 55.
Nxb5+ Kd5 56. Nc7+ Kd6 57. Na6 Kc6 58. Kd4 Be6 59. Nc5 Bg8 60. f5 Kb5 61. f6
Bf7 62. Nd7 {In my opinion, an important victory!} 1-0